000 00747nam a2200229Ia 4500
001 7785
003 GE_BSU
008 181216s||||||||xx |||||||||||||| ||und||
040 _cGE_BSU
080 _a681.5(075.8)
100 _aИващенко,Н.Н.
245 _aАвтоматическое регулирование. Теория и элементы систем.
245 _bУчеб. для вузов.
250 _aИзд 4-ое, перераб. и доп.
260 _aМ.
260 _bМашиностроение.
260 _c1978.
300 _a736стр. 26см.
300 _eтабл.
653 _aАвтоматическое регулирование. Теория и элементы систем.
942 _cBK
999 _c41135
_d41135